| 000 | 01551cam a2200385 i 4500 | ||
|---|---|---|---|
| 001 | 30112 | ||
| 003 | Mx-PuUPA | ||
| 005 | 20240422152307.0 | ||
| 008 | 140415s2009 sp ad fr 000 0 spa d | ||
| 020 | _a9786077743019 | ||
| 040 |
_cMx-PuUPA _aMx-PuUPA _bspa _dMx-PuUPA _erda |
||
| 041 | 0 | _aspa | |
| 100 | 1 |
_aGómez de Ferraris, María Elsa, _910069 _eautor |
|
| 245 | 1 | 0 |
_aHistología, embriología e ingeniería tisular bucodental / _cMa. E. Gómez de Ferraris, A. Campos Muñoz ; coordinación científica, María del Carmen Sánchez Quevedo [y otros dos] |
| 250 | _a3a edición | ||
| 264 | 1 |
_aMadrid, España : _bEditorial Médica Panaméricana, _c©2009 |
|
| 300 |
_a454 páginas : _bilustraciones, diagramas, tablas (en color) ; _c28 cm |
||
| 336 |
_2rdacontent _atexto _btxt |
||
| 336 |
_2rdacontent _aimagen fija _bsti |
||
| 337 |
_2rdamedia _asin medio _bn |
||
| 338 |
_2rdacarrier _avolumen _bnc |
||
| 500 | _aNo se cuenta con el disco que se menciona en la cubierta. | ||
| 545 | 1 | _aReimpresiones: (agosto 2010). | |
| 650 | 7 |
_2armarc _aOdontología |
|
| 650 | 7 |
_2armarc _aIngeniería de tejidos |
|
| 650 | 7 |
_2armarc _aBoca _xHistología |
|
| 650 | 7 |
_2armarc _aBoca _xEmbiología |
|
| 650 | 7 |
_2armarc _aBoca _xAnatomía |
|
| 700 | 1 |
_aCampos Muñoz, Antonio, _eautor |
|
| 700 | 1 |
_aSánchez Quevedo, María del Carmen, _ecoordinador |
|
| 942 |
_2ddc _cLI _n _h617.6 _iG63 |
||
| 999 |
_c30112 _d30112 |
||